000 00458nam a2200193Ia 4500
005 20240823050809.0
008 240823s9999||||xx |||||||||||||| ||und||
020 _a978-0-07-049484-8
041 _aENGLISH
082 _A620.11 P9
100 _aSarkar B K
245 0 _aStrength of Materials
250 _a1st
260 _c2009
_b"Tata Mcgraw Hill,New "
500 _aYES
650 _aStrength of Materials
_bCivil
942 _cBK
999 _c218077
_d218077